000 00326nam a2200133Ia 4500
008 240624s9999 xx 000 0 und d
041 _aeng
082 _a332.04 GRA
100 _aGRAVAGNA NICOLE
245 _aVENTURE CAPITAL FOR DUMMIES
260 _c2013
_aNew Delhi
_bWiley
300 _axiv, 342 p.; 23 cm.
365 _cRS
999 _c31868
_d31868